Polscy piłkarze w reprezentacji - Statystyki

Ogólne statystyki
  • Ten quiz został rozwiązany 334 razy
  • Średni wynik to 18 z 50
Statystyki odpowiedzi
Pozycja Piłkarze % Poprawnych
Napastnik Robert Lewandowski
98%
Bramkarz Wojciech Szczęsny
92%
Napastnik Karol Świderski
78%
Napastnik Krzysztof Piątek
78%
Napastnik Arkadiusz Milik
76%
Bramkarz Łukasz Skorupski
76%
Bramkarz Marcin Bułka
75%
Pomocnik Nicola Zalewski
69%
Pomocnik Piotr Zieliński
69%
Napastnik Adam Buksa
67%
Obrońca Jan Bednarek
64%
Pomocnik Damian Szymański
58%
Pomocnik Sebastian Szymański
58%
Obrońca Jakub Kiwior
54%
Pomocnik Kacper Urbański
54%
Obrońca Matty Cash
51%
Pomocnik Kamil Grosicki
49%
Bramkarz Kamil Grabara
48%
Bramkarz Bartłomiej Drągowski
46%
Pomocnik Przemysław Frankowski
46%
Pomocnik Jakub Moder
43%
Obrońca Paweł Dawidowicz
41%
Obrońca Bartosz Bereszyński
39%
Obrońca Tymoteusz Puchacz
38%
Pomocnik Grzegorz Krychowiak
36%
Pomocnik Jakub Piotrowski
30%
Obrońca Bartosz Salamon
29%
Pomocnik Jakub Kamiński
29%
Obrońca Sebastian Walukiewicz
27%
Pomocnik Taras Romanczuk
23%
Pomocnik Karol Linetty
22%
Napastnik Michał Skóraś
20%
Obrońca Tomasz Kędziora
17%
Pomocnik Paweł Wszołek
14%
Pomocnik Kacper Kozłowski
12%
Obrońca Mateusz Wieteska
11%
Pomocnik Krystian Bielik
10%
Bramkarz Mateusz Kochalski
10%
Obrońca Paweł Bochniewicz
9%
Obrońca Robert Gumny
9%
Pomocnik Dominik Marczuk
7%
Pomocnik Filip Marchwiński
7%
Obrońca Patryk Peda
7%
Obrońca Michał Karbownik
6%
Napastnik Adrian Benedyczak
4%
Obrońca Bartłomiej Wdowik
4%
Pomocnik Bartosz Slisz
3%
Pomocnik Jakub Kałuziński
3%
Pomocnik Patryk Dziczek
3%
Pomocnik Mateusz Łęgowski
2%
Nie znaleziono quizów pasujących do podanych kryteriów
Rozkład punktacji
Procent ludzi z każdym wynikiem
Percentyl według liczby udzielonych odpowiedzi
Twoja historia wyników
Nie rozwiązałeś tego quizu